000 00768nam a2200253 a 4500
001 BRCA_5495
005 20190320205114.0
008 020211s1938----fr-a######---#000-0#eng-#
041 _aeng
044 _afr
050 4 _aND466
_b.B66 1938
100 1 _aBorenius, Tancred
_914042
245 1 0 _aEnglish Painting in the XVIIIth century
_cTancred Borenius ; edited by André Gloeckner.
260 _aParís
_bHyperion
_c1938
300 _a32 p.
_bil. (algunas a color), 96 láminas
_c32 cm.
500 _aIncluye biografía de pintores ingleses
500 _aE171
504 _aBibliografía: p. 15-16
650 1 4 _aPintura inglesa
_99430
650 1 4 _aPintura
_xHistoria
_914043
700 1 _aGloeckner, André
_eEditor.
_914044
902 _aGFM
942 _2lcc
_cB
999 _c5189
_d5189